[Event "Madrid"]
[Site "Madrid"]
[Date "1992.??.??"]
[Round "3"]
[White "Magem Badals, Jorge"]
[Black "Karpov, Anatoly"]
[Result "0-1"]
[WhiteElo "2515"]
[BlackElo "2725"]

1.e4 e5 2.Nf3 Nc6 3.Bb5 a6 4.Ba4 Nf6 5.O-O Be7 6.Re1 b5 7.Bb3 d6 8.c3 O-O
9.h3 Bb7 10.d4 Re8 11.Nbd2 Bf8 12.Bc2 g6 13.d5 Nb8 14.b3 c6 15.c4 a5 16.dxc6 Bxc6
17.cxb5 Bxb5 18.Nc4 Na6 19.Bg5 Nb4 20.Ne3 Be7 21.Bxf6 Bxf6 22.a3 Nxc2 23.Qxc2 Re7
24.Rad1 Rd7 25.Nd5 Bg7 26.a4 Ba6 27.Nd2 Rc8 28.Nc4 Rc5 29.Qa2 Qb8 30.Rd3 Rb7
31.Nde3 Bh6 32.Nd5 Bg5 33.Re2 h5 34.Rc2 h4 35.Rdc3 Bxc4 36.Rxc4 Rxc4 37.bxc4 Rb1+
38.Kh2 Re1 39.f3 Qd8 40.Qb2 Be3 41.Nxe3 Qg5  0-1

[Event "Manila ol (Men)"]
[Site "Manila"]
[Date "1992.??.??"]
[Round "?"]
[White "Hamid, Rani"]
[Black "Kaabi, Mejdi"]
[Result "1/2-1/2"]
[WhiteElo "2105"]
[BlackElo "2310"]

1.e4 e5 2.Nf3 Nc6 3.Bb5 a6 4.Ba4 Nf6 5.O-O Be7 6.Re1 b5 7.Bb3 d6 8.c3 O-O
9.h3 Bb7 10.d4 Re8 11.Nbd2 Bf8 12.Bc2 g6 13.d5 Ne7 14.Nf1 Bg7 15.Ng3 c6 16.dxc6 Bxc6
17.a4 Qc7 18.axb5 axb5 19.Rxa8 Rxa8 20.Bb3 h6 21.Nh2 Ra1 22.Ng4 Nxg4 23.Qxg4 Bd7
24.Qe2 Qc6 25.Bd2 Rxe1+ 26.Qxe1 Be6 27.Bxe6 fxe6 28.Qc1 Kh7 29.Qc2 Kg8 30.Qd3 d5  1/2-1/2

[Event "Manila ol (Women)"]
[Site "Manila"]
[Date "1992.??.??"]
[Round "?"]
[White "Ratna Sulista, Maria Lucia"]
[Black "Jackson, Sheila"]
[Result "1/2-1/2"]
[WhiteElo "2070"]
[BlackElo "2230"]

1.e4 e5 2.Nf3 Nc6 3.Bb5 a6 4.Ba4 Nf6 5.O-O Be7 6.Re1 b5 7.Bb3 d6 8.c3 O-O
9.h3 Bb7 10.d4 Re8 11.Ng5 Rf8 12.f4 h6  1/2-1/2

[Event "Manila ol (Women)"]
[Site "Manila"]
[Date "1992.??.??"]
[Round "?"]
[White "Erneste, Inguna"]
[Black "Foisor, Cristina Adela B"]
[Result "1/2-1/2"]
[WhiteElo "2320"]
[BlackElo "2375"]

1.e4 e5 2.Nf3 Nc6 3.Bb5 a6 4.Ba4 Nf6 5.O-O Be7 6.Re1 b5 7.Bb3 d6 8.c3 O-O
9.h3 Bb7 10.d4 Re8 11.Nbd2 Bf8 12.Bc2 g6 13.a3 Nb8 14.b3 Nbd7 15.Bb2 Bg7
16.d5 c6 17.c4 Qb8 18.Rb1 Rc8 19.Nf1 cxd5 20.cxd5 Qc7 21.Rc1 Bh6 22.Ne3 Qd8
23.Bb1 Nc5 24.Nd2 a5 25.Qf3 Ba6 26.Rcd1 b4 27.axb4 axb4 28.Ng4 Nxg4 29.hxg4 Qh4
30.Nf1 Rc7 31.g3 Qd8 32.Kg2 Bg5 33.Nd2 Qd7 34.Nf1 Rca7 35.Nd2 Bc8 36.Nc4 Ra6
37.Bc1 Qd8 38.Be3 Bxe3 39.Qxe3 Nd7 40.g5 Nf8 41.Rc1 Bd7 42.Bd3 Qb8 43.Rc2 Ra1
44.Rxa1 Rxa1 45.Qb6 Qxb6 46.Nxb6 Ra3 47.Rc7 Rxb3 48.Nxd7 Nxd7 49.Rxd7 Rxd3
50.Rxd6 Kg7 51.Rd7 Kf8 52.Rb7 b3 53.Kf1 Rd4 54.f3 Rd1+ 55.Kg2 Rd2+ 56.Kh3 b2
57.Kg4 Re2 58.Kh3 Ke8 59.Kh4 Kd8 60.Kg4 Kc8 61.Rb5 Kc7 62.Kh3 Kd6 63.Kg4 Rh2
64.f4 Rf2 65.Rb7 exf4 66.gxf4 Kc5 67.Rb8 Rd2 68.Rb7 Kd4 69.d6 Kxe4 70.d7 Rxd7
71.Rxb2 Ra7 72.Rb4+ Kd5 73.Rb5+ Kd6 74.Rb2 Ke7 75.Rb6 Kf8 76.Rc6 Kg7 77.Rb6 h5+
78.gxh6+ Kxh6 79.f5 Ra4+ 80.Kf3 Kg5 81.fxg6 fxg6 82.Kg3 Ra3+ 83.Kg2 Kh5 84.Rb2 g5
85.Rc2 Kh4 86.Rb2 Rg3+ 87.Kh2 Rd3 88.Kg2 g4  1/2-1/2

[Event "Manila ol (Men)"]
[Site "Manila"]
[Date "1992.??.??"]
[Round "?"]
[White "Barcenilla, Rogelio"]
[Black "Mannion, Stephen R"]
[Result "1/2-1/2"]
[WhiteElo "2465"]
[BlackElo "2390"]

1.e4 e5 2.Nf3 Nc6 3.Bb5 a6 4.Ba4 Nf6 5.O-O Be7 6.Re1 b5 7.Bb3 d6 8.c3 O-O
9.h3 Bb7 10.d4 Re8 11.Nbd2 Bf8 12.a4 h6 13.d5 Nb8 14.c4 c6 15.axb5 axb5 16.Rxa8 Bxa8
17.dxc6 bxc4 18.Bxc4 Bxc6 19.Qb3 Qd7 20.Nh2 Qb7 21.Ng4 Nxg4 22.hxg4 Qxb3
23.Nxb3 Bd7 24.g5 hxg5 25.Bxg5 Nc6 26.Bd2 Rb8 27.Bc3 Na7 28.Ra1 Nb5 29.Bd2 Be6
30.Na5 Nd4 31.Rb1 Be7 32.b4 Bd8 33.Bd3 Bb6 34.b5 Bd7 35.Nc4 Bxb5 36.Be3 Bxc4
37.Bxc4 Ba7 38.Rxb8+  1/2-1/2

[Event "Manila ol (Women)"]
[Site "Manila"]
[Date "1992.??.??"]
[Round "?"]
[White "Dabrowska, Krystyna"]
[Black "Jackson, Sheila"]
[Result "1/2-1/2"]
[WhiteElo "2325"]
[BlackElo "2230"]

1.e4 e5 2.Nf3 Nc6 3.Bb5 a6 4.Ba4 Nf6 5.O-O Be7 6.Re1 b5 7.Bb3 d6 8.c3 O-O
9.h3 Bb7 10.d4 Re8 11.Nbd2 Bf8 12.a3 h6 13.Bc2 Nb8 14.b4 Nbd7 15.Bb2 g6 16.Qb1 Rb8
17.Nb3 Ba8 18.d5 c6 19.dxc6 Bxc6 20.Na5 Ba8 21.c4 Qc7 22.Qa2 Nb6 23.Nd2 bxc4
24.Naxc4 Nxc4 25.Qxc4 Qxc4 26.Nxc4 Rec8 27.Bd3 Nxe4 28.Nxe5 dxe5 29.Bxe4 Bxe4
30.Rxe4 f6 31.Re2 a5  1/2-1/2

[Event "Manila ol (Men)"]
[Site "Manila"]
[Date "1992.??.??"]
[Round "?"]
[White "Rytshagov, Mikhail"]
[Black "Mannion, Stephen R"]
[Result "1/2-1/2"]
[WhiteElo "2385"]
[BlackElo "2390"]

1.e4 e5 2.Nf3 Nc6 3.Bb5 a6 4.Ba4 Nf6 5.O-O Be7 6.Re1 b5 7.Bb3 d6 8.c3 O-O
9.h3 Bb7 10.d4 Re8 11.Ng5 Rf8 12.Nf3 Re8 13.Nbd2 Bf8 14.a4 h6 15.Bc2 exd4
16.cxd4 Nb4 17.Bb1 c5 18.d5 Nd7 19.Ra3 f5 20.Rae3 Nf6 21.Nh2 Qd7 22.Rf3 Re5
23.Rxf5 Rxf5 24.exf5 Bxd5 25.Ng4 Nxg4 26.hxg4 Re8 27.Ne4 Qc6 28.axb5 axb5
29.f3 Bf7 30.g5 hxg5 31.Nxg5 c4 32.Bd2 d5 33.Nxf7 Kxf7 34.Rxe8 Qxe8 35.Bxb4 Bxb4
36.Qxd5+ Kf6 37.Qd4+ Qe5 38.Qd8+  1/2-1/2

[Event "Moscow Tal mem"]
[Site "Moscow"]
[Date "1992.??.??"]
[Round "?"]
[White "Dolmatov, Sergey"]
[Black "Zaitsev, Igor A"]
[Result "1-0"]
[WhiteElo "2610"]
[BlackElo "2445"]

1.e4 e5 2.Nf3 Nc6 3.Bb5 a6 4.Ba4 Nf6 5.O-O Be7 6.Re1 b5 7.Bb3 O-O 8.c3 d6
9.h3 Bb7 10.d4 Re8 11.Nbd2 Bf8 12.d5 Na5 13.Bc2 c6 14.b4 Nc4 15.Nxc4 bxc4
16.dxc6 Bxc6 17.Bg5 Re6 18.Qe2 Rc8 19.a4 h6 20.Bxf6 Rxf6 21.Nd2 Rg6 22.Nf1 f5
23.b5 Ba8 24.Ne3 fxe4 25.Rad1 Qa5 26.Nd5 Bxd5 27.Rxd5 Qxc3 28.Rb1 Qxh3 29.Bxe4 Rg4
30.bxa6 Qh5 31.Qc2 Rxe4 32.Qxe4 c3 33.a7 c2 34.Rc1 Qf7 35.Ra5  1-0

[Event "Moscow rapid"]
[Site "Moscow"]
[Date "1992.??.??"]
[Round "?"]
[White "Savon, Vladimir A"]
[Black "Karpov, Anatoly"]
[Result "0-1"]
[WhiteElo "2420"]
[BlackElo "2715"]

1.e4 e5 2.Nf3 Nc6 3.Bb5 a6 4.Ba4 Nf6 5.O-O Be7 6.Re1 b5 7.Bb3 d6 8.c3 O-O
9.h3 Bb7 10.d4 Re8 11.a4 h6 12.d5 Na5 13.Ba2 c6 14.Na3 Qc7 15.b4 cxd5 16.bxa5 dxe4
17.Nh2 d5 18.Ng4 Nxg4 19.Qxg4 Qxc3 20.Bxh6 Bf8 21.axb5 Qxa5 22.Nc2 Qb6 23.bxa6 Rxa6
24.Reb1 Qc7 25.Ne3 Rxh6 26.Nxd5 Bxd5 27.Bxd5 Rf6 28.Qxe4 Qc5 29.Qc4 Rxf2
30.Kh1 Qxc4 31.Bxc4 e4 32.Rf1 Bc5 33.Rxf2 Bxf2 34.Rf1 e3 35.Be2 Rb8  0-1

[Event "New York op"]
[Site "New York"]
[Date "1992.??.??"]
[Round "9"]
[White "Anderson, Renard"]
[Black "Henao, Raul Fernando"]
[Result "0-1"]
[WhiteElo "2270"]
[BlackElo "2390"]

1.e4 e5 2.Nf3 Nc6 3.Bb5 a6 4.Ba4 Nf6 5.O-O Be7 6.Re1 b5 7.Bb3 d6 8.c3 O-O
9.h3 Bb7 10.d4 Re8 11.Ng5 Rf8 12.Nf3 Re8 13.Nbd2 Bf8 14.a4 h6 15.Bc2 exd4
16.cxd4 Nb4 17.Bb1 c5 18.d5 Nd7 19.Ra3 f5 20.Rae3 Nf6 21.exf5 Rxe3 22.fxe3 Bxd5
23.e4 Bf7 24.Nf1 Qd7 25.axb5 axb5 26.Bd2 Nc6 27.Qe2 b4 28.Ne3 Re8 29.Ng4 Nxe4
30.Bxe4 d5 31.Bxh6 Rxe4 32.Qb5 Rxg4 33.hxg4 gxh6 34.Qb6 Qd6 35.g5 hxg5 36.Nxg5 Qg3
37.Rf1 Qxg5 38.Qxc6 Qe3+ 39.Kh1 Qh6+ 40.Qxh6 Bxh6 41.g4 Bg5 42.Kg2 c4 43.Kf3 c3
44.bxc3 bxc3 45.Rf2 Kg7  0-1

[Event "Odorheiu Secuiesc"]
[Site "Odorheiu Secuiesc"]
[Date "1992.??.??"]
[Round "?"]
[White "Bach, Adrian"]
[Black "Simonyi, Zoltan"]
[Result "1-0"]
[WhiteElo "2315"]
[BlackElo "2310"]

1.e4 e5 2.Nf3 Nc6 3.Bb5 a6 4.Ba4 Nf6 5.O-O Be7 6.Re1 b5 7.Bb3 O-O 8.c3 d6
9.h3 Bb7 10.d4 Re8 11.a4 Bf8 12.d5 Ne7 13.Bg5 Ng6 14.axb5 axb5 15.Rxa8 Bxa8
16.Na3 c6 17.dxc6 Bxc6 18.Nc2 Nf4 19.Nb4 Ba8 20.Bxf4 exf4 21.Ng5 d5 22.e5 Bxb4
23.cxb4 Qe7 24.Nf3 Ne4 25.Qd4 Ng5 26.Qxf4 Nxf3+ 27.Qxf3 Qxb4 28.Ra1 Qd4 29.Qe2 Bc6
30.Rc1 Bd7 31.Rc7 Rxe5 32.Rxd7 g6 33.Qf3 Rf5 34.Rd8+ Kg7 35.Qc3  1-0

[Event "Pardubice op"]
[Site "Pardubice"]
[Date "1992.??.??"]
[Round "1"]
[White "Kuporosov, Viktor"]
[Black "Kozak, Milos"]
[Result "1-0"]
[WhiteElo "2510"]
[BlackElo "2280"]

1.e4 e5 2.Nf3 Nc6 3.Bb5 a6 4.Ba4 Nf6 5.O-O Be7 6.Re1 b5 7.Bb3 d6 8.c3 O-O
9.h3 Bb7 10.d4 Re8 11.Nbd2 Bf8 12.a3 h6 13.Bc2 Nb8 14.b3 Nbd7 15.Bb2 g6 16.Rc1 c6
17.b4 Rc8 18.Bb1 c5 19.bxc5 exd4 20.cxd6 dxc3 21.Rxc3 Rxc3 22.Bxc3 Bxd6 23.Nc4 Bf8
24.Nd6 Bxd6 25.Qxd6 Re6 26.Qd2 Qf8 27.Bb4 Qg7 28.Qf4 Rc6 29.Rd1 Rc4 30.Qd6 Rc6
31.Qd4 Rc7 32.Ba5 Rc8 33.Qa7 Nc5 34.Bc3 Bxe4 35.Qe7 Bxb1 36.Bxf6  1-0

[Event "Parthenay op"]
[Site "Parthenay"]
[Date "1992.??.??"]
[Round "6"]
[White "Hellers, Ferdinand"]
[Black "Solozhenkin, Evgeniy"]
[Result "1-0"]
[WhiteElo "2500"]
[BlackElo "2465"]

1.e4 e5 2.Nf3 Nc6 3.Bb5 a6 4.Ba4 Nf6 5.O-O Be7 6.Re1 b5 7.Bb3 d6 8.c3 O-O
9.h3 Bb7 10.d4 Re8 11.Nbd2 Bf8 12.a4 h6 13.Bc2 exd4 14.cxd4 Nb4 15.Bb1 c5
16.d5 Nd7 17.Ra3 f5 18.Nh2 Kh8 19.Rae3 c4 20.b3 Ne5 21.bxc4 bxc4 22.exf5 Nxd5
23.Rg3 Qb6 24.a5 Qxa5 25.Ne4 Qa1 26.f6 Nd3 27.fxg7+ Bxg7 28.Bxd3 cxd3 29.Bxh6 Qxd1
30.Bxg7+ Kh7 31.Rxd1 Rxe4 32.Bb2 Rg8 33.Ng4 Re2 34.Bc1 Rc2 35.Rgxd3 Rxg4
36.hxg4 Nc3 37.Rxd6 Nxd1 38.Rxd1 Bc6 39.Ba3 a5 40.Rc1 Rxc1+ 41.Bxc1  1-0

[Event "RUS-chT"]
[Site "Podolsk"]
[Date "1992.??.??"]
[Round "?"]
[White "Savon, Vladimir A"]
[Black "Svirin, O."]
[Result "0-1"]
[WhiteElo "2440"]
[BlackElo "2370"]

1.e4 e5 2.Nf3 Nc6 3.Bb5 a6 4.Ba4 Nf6 5.O-O Be7 6.Re1 b5 7.Bb3 O-O 8.c3 d6
9.h3 Bb7 10.d4 Re8 11.Ng5 Rf8 12.Nf3 Re8 13.a4 h6 14.d5 Na5 15.Ba2 c6 16.Na3 Rc8
17.axb5 axb5 18.dxc6 Bxc6 19.Qd3 Qd7 20.b4 Nb7 21.Nd2 Nd8 22.Nb3 d5 23.exd5 e4
24.Qd2 Bxd5 25.Nd4 Bc4 26.Bxc4 bxc4 27.Nac2 Bd6 28.Nf5 Qxf5 29.Qxd6 Nc6 30.Ne3 Qb5
31.Qd2 Red8 32.Qc2 Ne5 33.Ra5 Qe8 34.Nf5 Nd3 35.Re3 Ra8 36.Rg3 Rxa5 37.Nxg7 Qa4
38.Qe2 Nxc1 39.Qe3 Ne2+  0-1

[Event "Ponferrada op"]
[Site "Ponferrada"]
[Date "1992.??.??"]
[Round "?"]
[White "Magem Badals, Jorge"]
[Black "Gomez Esteban, Juan Mario"]
[Result "1/2-1/2"]
[WhiteElo "2515"]
[BlackElo "2425"]

1.e4 e5 2.Nf3 Nc6 3.Bb5 a6 4.Ba4 Nf6 5.O-O Be7 6.Re1 b5 7.Bb3 d6 8.c3 O-O
9.h3 Bb7 10.d4 Re8 11.Ng5 Rf8 12.Nf3 Re8 13.Nbd2 Bf8 14.Bc2 g6 15.d5 Nb8
16.b3 c6 17.c4 a5 18.dxc6 Bxc6 19.cxb5 Bxb5 20.Nc4 Na6 21.Bg5 Nb4 22.Ne3 Be7
23.Bxf6 Bxf6 24.a3 Nxc2 25.Qxc2 Re7 26.Nd5 Rd7 27.Re3 Kg7 28.Rc3 Rb8 29.Rd1 Ba6
30.g3 h5 31.h4 Rdb7 32.Kg2 Bb5 33.Qd2 Bd7 34.Nxf6 Qxf6 35.Qxd6 Be6 36.Qxe5 Qxe5
37.Nxe5 Rxb3 38.Rdc1 a4 39.Nd3 Rxc3 40.Rxc3 Rb1 41.Nc5 Bb3 42.Rd3 Bc2 43.Rd2 Bd1
44.Rd4 Ra1 45.Nxa4 Rxa3 46.Rxd1 Rxa4 47.Kf3 Ra2 48.Ke3 Kf6 49.Rd2 Ra1 50.Kf4 Re1
51.Rd6+ Kg7 52.e5 Re2 53.f3 Re1 54.Rc6 Re2 55.Rc3 Re1 56.Re3 Ra1 57.e6 fxe6
58.Rxe6 Ra3 59.Rd6 Rb3 60.Ke4 Ra3 61.Rd3 Ra5 62.Rd7+ Kf6 63.Rd6+ Kf7 64.f4  1/2-1/2

[Event "Ponferrada op"]
[Site "Ponferrada"]
[Date "1992.??.??"]
[Round "?"]
[White "Sion Castro, Marcelino"]
[Black "Serra Olives, Tomas"]
[Result "1-0"]
[WhiteElo "2375"]
[BlackElo "2310"]

1.e4 e5 2.Nf3 Nc6 3.Bb5 a6 4.Ba4 Nf6 5.O-O Be7 6.Re1 b5 7.Bb3 O-O 8.c3 d6
9.h3 Bb7 10.d4 Re8 11.Ng5 Rf8 12.Nf3 Re8 13.Nbd2 Bf8 14.Bc2 exd4 15.cxd4 Nb4
16.Bb1 a5 17.a3 Na6 18.e5 dxe5 19.dxe5 Nd7 20.Qc2 g6 21.Ba2 Nac5 22.h4 Ne6
23.Ne4 Bxe4 24.Qxe4 Ndc5 25.Qg4 h5 26.Qg3 Be7 27.Bh6 c6 28.Rad1 Qc7 29.Bg5 Rad8
30.Bxe7 Qxe7 31.Rd6 Rxd6 32.exd6 Qf6 33.Ne5 Kg7 34.Nxc6 Qxb2 35.Bxe6 Rxe6
36.Rxe6 Nxe6 37.Nxa5 Qd4 38.Nc6 Qc4 39.Nb4 Nf4 40.Kh2 Qd4 41.d7 Ne6 42.Qd3 Qxd3
43.Nxd3 Kf6 44.Nc5 Ke7 45.Nxe6 fxe6 46.Kg3 Kxd7 47.Kf4 Ke7 48.Ke5 Kf7 49.Kd6  1-0

[Event "Ponferrada op"]
[Site "Ponferrada"]
[Date "1992.??.??"]
[Round "?"]
[White "De la Villa Garcia, Jesus Maria"]
[Black "Rodriguez Talavera, Juan Carlos"]
[Result "0-1"]
[WhiteElo "2450"]
[BlackElo "2375"]

1.e4 e5 2.Nf3 Nc6 3.Bb5 a6 4.Ba4 Nf6 5.O-O Be7 6.Re1 b5 7.Bb3 O-O 8.c3 d6
9.h3 Bb7 10.d4 Re8 11.Ng5 Rf8 12.Nf3 Re8 13.Nbd2 Bf8 14.Bc2 g6 15.d5 Nb8
16.b3 c6 17.c4 Nbd7 18.a4 Qc7 19.Ba3 cxd5 20.cxd5 Rec8 21.Ra2 bxa4 22.bxa4 a5
23.Bd3 Ba6 24.Bxa6 Rxa6 25.Qe2 Raa8 26.g3 Nc5 27.Rc1 Nfd7 28.Nb3 Rab8 29.Nxc5 Nxc5
30.Bxc5 dxc5 31.Rc4 Rb4 32.Kg2 Rxc4 33.Qxc4 Rb8 34.Qa6 Rb4 35.Nd2 c4 36.Nf3 c3
37.Qd3 Rb2 38.Rxb2 cxb2 39.Nd2 Bd6 40.Qa6 Bb4 41.Nb1 Qc2  0-1

[Event "CSR-ch"]
[Site "Prague"]
[Date "1992.??.??"]
[Round "11"]
[White "Prandstetter, Eduard"]
[Black "Dolezal, Martin"]
[Result "1/2-1/2"]
[WhiteElo "2410"]
[BlackElo "2275"]

1.e4 e5 2.Nf3 Nc6 3.Bb5 a6 4.Ba4 Nf6 5.O-O Be7 6.Re1 b5 7.Bb3 O-O 8.c3 d6
9.h3 Bb7 10.d4 Re8 11.Ng5 Rf8 12.Nf3 Re8 13.a4 Bf8 14.axb5 axb5 15.Rxa8 Qxa8
16.d5 Na5 17.Bc2 c6 18.Bg5 Nd7 19.dxc6 Bxc6 20.Na3 Nc4 21.Nxc4 bxc4 22.Bc1 g6
23.Nh2 Nf6 24.Qf3 Bg7 25.Ng4 Nxg4 26.hxg4 d5 27.Qe2 Rb8 28.g5 Qb7 29.exd5 Bxd5
30.Be4 Bxe4 31.Qxe4 Qxe4 32.Rxe4 Rc8 33.Kf1 f6 34.gxf6 Bxf6 35.Ke2 Kf7 36.Bd2 h5
37.b3 cxb3 38.Rb4 Rc6 39.Rxb3 Ke6 40.f3 Kf5 41.Rb4  1/2-1/2

[Event "Reggio Emilia9192"]
[Site "Reggio Emilia"]
[Date "1992.??.??"]
[Round "4"]
[White "Khalifman, Alexander"]
[Black "Karpov, Anatoly"]
[Result "1-0"]
[WhiteElo "2630"]
[BlackElo "2730"]

1.e4 e5 2.Nf3 Nc6 3.Bb5 a6 4.Ba4 Nf6 5.O-O b5 6.Bb3 Be7 7.Re1 d6 8.c3 O-O
9.h3 Bb7 10.d4 Re8 11.Nbd2 Bf8 12.a4 h6 13.Bc2 exd4 14.cxd4 Nb4 15.Bb1 c5
16.d5 Nd7 17.Ra3 f5 18.Nh2 Nf6 19.Rf3 Re5 20.Rxf5 Rxf5 21.exf5 Bxd5 22.Ne4 Bxe4
23.Bxe4 d5 24.Bf3 c4 25.Re6 Nd3 26.Be3 d4 27.Bxh6 Nxb2 28.Qc2 Nxa4 29.Bg5 d3
30.Qd2 Nc5 31.Bxf6 gxf6 32.Rc6 Rc8 33.Rxc8 Qxc8 34.Bd5+ Kh7 35.Qf4 d2 36.Qg4 d1=Q+
37.Qxd1 Qxf5 38.Ng4 Bh6 39.Qe1 Bf8 40.Qe8 Qb1+ 41.Kh2 Bd6+ 42.g3 Qg6 43.Qd8  1-0

[Event "Sao Paulo op"]
[Site "Sao Paulo"]
[Date "1992.??.??"]
[Round "?"]
[White "Hernandez, Gilberto"]
[Black "Henao, Raul Fernando"]
[Result "1-0"]
[WhiteElo "2495"]
[BlackElo "2390"]

1.e4 e5 2.Nf3 Nc6 3.Bb5 a6 4.Ba4 Nf6 5.O-O Be7 6.Re1 b5 7.Bb3 d6 8.c3 O-O
9.h3 Bb7 10.d4 Re8 11.Nbd2 Bf8 12.a4 h6 13.Bc2 exd4 14.cxd4 Nb4 15.Bb1 c5
16.d5 Nd7 17.Ra3 f5 18.Nh2 Nf6 19.Rf3 Re5 20.Rxf5 Rxf5 21.exf5 Bxd5 22.Ng4 Nxg4
23.hxg4 Bf7 24.Nf3 Be7 25.Qe2 Bf6 26.axb5 a5 27.Bf4 Qd7 28.Qd2 Qxb5 29.g5 hxg5
30.Nxg5 Bxg5 31.Bxg5 Re8 32.Re7 d5 33.f6 Rxe7 34.fxe7 Qd7 35.Qf4 Qe8 36.Qh2  1-0

[Event "BUL-ch sf"]
[Site "Sofia"]
[Date "1992.??.??"]
[Round "8"]
[White "Lalev, Dimitar"]
[Black "Kolev, Atanas"]
[Result "1/2-1/2"]
[WhiteElo "2425"]
[BlackElo "2445"]

1.e4 e5 2.Nf3 Nc6 3.Bb5 a6 4.Ba4 Nf6 5.O-O Be7 6.Re1 b5 7.Bb3 d6 8.c3 O-O
9.h3 Bb7 10.d4 Re8 11.Ng5 Rf8 12.Nf3 g5  1/2-1/2

[Event "St Petersburg-ch op"]
[Site "St Petersburg"]
[Date "1992.??.??"]
[Round "?"]
[White "Lukin, Andrei M"]
[Black "Solozhenkin, Evgeniy"]
[Result "0-1"]
[WhiteElo "2435"]
[BlackElo "2450"]

1.e4 e5 2.Nf3 Nc6 3.Bb5 a6 4.Ba4 Nf6 5.O-O Be7 6.Re1 b5 7.Bb3 d6 8.c3 O-O
9.h3 Bb7 10.d4 Re8 11.Nbd2 Bf8 12.a4 h6 13.d5 Na7 14.Nh2 c6 15.dxc6 Nxc6
16.Ng4 Nxg4 17.hxg4 Na5 18.Bd5 Bxd5 19.exd5 Be7 20.b4 Nc4 21.Nxc4 bxc4 22.Qe2 Rc8
23.Qe4 Qd7 24.Be3 Bg5 25.Bxg5 hxg5 26.Reb1 g6 27.b5 a5 28.b6 Rc5 29.Rb2 Rb8
30.Rab1 Qxa4 31.b7 Qd7 32.Rb6 Rc7 33.Rc6 Rbxb7 34.Rxb7 Rxb7 35.Qxc4 Rb1+
36.Kh2 Kg7 37.Rc8 Rb2 38.Ra8 Rxf2  0-1

[Event "Sweden"]
[Site "Sweden"]
[Date "1992.??.??"]
[Round "?"]
[White "Andersson, Bjorn"]
[Black "Carlhammar, Magnus"]
[Result "1/2-1/2"]
[WhiteElo "2330"]
[BlackElo "2280"]

1.e4 e5 2.Nf3 Nc6 3.Bb5 a6 4.Ba4 Nf6 5.O-O Be7 6.Re1 b5 7.Bb3 O-O 8.c3 d6
9.h3 Re8 10.Ng5 Rf8 11.Nf3 Bb7 12.d4 Re8 13.Ng5 Rf8 14.f4 exf4 15.Bxf4 Na5
16.Bc2 Nd5 17.exd5 Bxg5 18.Qh5 h6 19.Nd2 Bxf4 20.Qf5 g6 21.Qxf4 Qg5 22.Qxg5 hxg5
23.Be4 Nc4 24.Nxc4 bxc4 25.b3 cxb3 26.axb3 Rfe8 27.Kf2 f5 28.Bf3 Rxe1 29.Rxe1 Kf7
30.c4 Rb8 31.Ra1 Re8 32.c5 dxc5 33.dxc5 g4 34.hxg4 fxg4 35.c6 Bxc6 36.dxc6 gxf3
37.gxf3 Rb8 38.Rxa6 Ke6 39.Ra7 Rxb3 40.Rxc7 Kd6  1/2-1/2

[Event "Tel Aviv-B"]
[Site "Tel Aviv"]
[Date "1992.??.??"]
[Round "6"]
[White "Gruenfeld, Yehuda"]
[Black "Kraidman, Yair"]
[Result "1-0"]
[WhiteElo "2510"]
[BlackElo "2415"]

1.e4 e5 2.Nf3 Nc6 3.Bb5 a6 4.Ba4 Nf6 5.O-O Be7 6.Re1 b5 7.Bb3 d6 8.c3 O-O
9.h3 Bb7 10.d4 Re8 11.a4 h6 12.Nbd2 Bf8 13.Bc2 exd4 14.cxd4 Nb4 15.Bb1 c5
16.d5 Nd7 17.Ra3 f5 18.Nh2 Nf6 19.Rf3 Re5 20.b3 Nxe4 21.Nxe4 fxe4 22.Rg3 h5
23.Rxe4 Nxd5 24.Bb2 Nf6 25.Rf4 Qe7 26.Bxe5 dxe5 27.Rxf6 Qxf6 28.Qxh5 e4 29.Ng4 Qb2
30.Kh2 bxa4 31.Nh6+ Kh8 32.Nf7+ Kg8 33.Ng5 Bd6 34.Qh7+  1-0

[Event "SWE-ch op"]
[Site "Vaxjo"]
[Date "1992.??.??"]
[Round "?"]
[White "Hermansson, Emil"]
[Black "Barkhagen, Jonas"]
[Result "1/2-1/2"]
[WhiteElo "2315"]
[BlackElo "2405"]

1.e4 e5 2.Nf3 Nc6 3.Bb5 a6 4.Ba4 Nf6 5.O-O Be7 6.Re1 b5 7.Bb3 d6 8.c3 O-O
9.h3 Bb7 10.d4 Nd7 11.a4 Bf6 12.Na3 exd4 13.cxd4 Re8 14.Bf4 Na5 15.Bc2 b4
16.Nb1 g6 17.Nbd2 Nf8 18.Bg3 Ne6 19.Nb3 Nxb3 20.Bxb3 c5 21.d5 Nd4 22.Nxd4 Bxd4
23.Re2 Qf6 24.Qc2 Be5 25.Bxe5 Qxe5 26.Qd2 g5 27.Rf1 Qf4 28.Qxf4 gxf4 29.g3 a5
30.Bc4 fxg3 31.f4 f6 32.Rf3 Kh8 33.Rxg3 Rg8 34.Kf2 Rxg3 35.Kxg3 Re8  1/2-1/2

[Event "Werfen op"]
[Site "Werfen"]
[Date "1992.??.??"]
[Round "8"]
[White "Korneev, Oleg"]
[Black "Dutreeuw, Marc"]
[Result "1/2-1/2"]
[WhiteElo "2475"]
[BlackElo "2425"]

1.e4 e5 2.Nf3 Nc6 3.Bb5 a6 4.Ba4 Nf6 5.O-O Be7 6.Re1 b5 7.Bb3 d6 8.c3 O-O
9.h3 Bb7 10.d4 Re8 11.Nbd2 Bf8 12.d5 Nb8 13.Nf1 h6 14.Ng3 c6 15.dxc6 Bxc6
16.Nh2 Nbd7 17.Ng4 Nc5 18.Nxf6+ Qxf6 19.Bd5 Bxd5 20.Qxd5 Qe6 21.Rd1 Qxd5
22.Rxd5 Na4 23.Rb1 Rec8 24.Be3 g6 25.Ne2 f6 26.g4 Kf7 27.Kg2 Ke6 28.Rd3 f5
29.exf5+ gxf5 30.f4 Nc5 31.gxf5+ Kxf5 32.Ng3+ Ke6 33.f5+ Kd7 34.Bxc5 Rxc5
35.Ne4 Rc4 36.Kf3 Be7 37.Rg1 Rf8 38.f6 Bxf6 39.Rxd6+ Ke7 40.Rxf6 Rxf6+ 41.Nxf6 Kxf6
42.Rg4 Rc8 43.a4 Rc4 44.axb5 axb5 45.Rg8 Rf4+ 46.Kg3 b4 47.Rf8+ Kg5 48.Rxf4 exf4+
49.Kf3 bxc3 50.bxc3 Kf5  1/2-1/2

[Event "Wisla BES op"]
[Site "Wisla"]
[Date "1992.??.??"]
[Round "4"]
[White "Korneev, Oleg"]
[Black "Grabarczyk, Miroslaw"]
[Result "1/2-1/2"]
[WhiteElo "2465"]
[BlackElo "2315"]

1.e4 Nc6 2.Nf3 e5 3.Bb5 a6 4.Ba4 Nf6 5.O-O Be7 6.Re1 b5 7.Bb3 d6 8.c3 O-O
9.h3 Bb7 10.d4 Re8 11.Nbd2 Bf8 12.d5 Na5 13.Bc2 c6 14.b4 Nc4 15.Nxc4 bxc4
16.dxc6 Bxc6 17.Bg5 h6 18.Bxf6 Qxf6 19.Nh2 Qe6 20.Ng4 Rad8 21.Qe2 d5 22.exd5 Bxd5
23.Qxe5 Qxe5 24.Rxe5 Rxe5 25.Nxe5 Bd6 26.Ng4 Be6 27.Re1 Bf4 28.Kf1 Rd2 29.Bb1 Rb2
30.Ne3 Be5 31.Rd1 g6 32.Be4 Bxc3 33.Bd5 Bxd5 34.Nxd5 Bxb4 35.Nxb4 Rxb4 36.Rc1 Kg7
37.a3 Rb3 38.Rxc4 Rxa3 39.Rc6 g5 40.g4 a5 41.Ra6 a4 42.Kg2 f6 43.Ra7+ Kg6
44.Kh2 h5 45.Kg2 Ra1 46.Kh2 Ra2 47.Kg2 Ra3 48.Kg1 h4 49.Kg2 Kh6 50.Rf7 Kg6
51.Ra7 Kh6  1/2-1/2

[Event "Arandjelovac"]
[Site "Arandjelovac"]
[Date "1993.??.??"]
[Round "12"]
[White "Matulovic, Milan"]
[Black "Ilincic, Zlatko"]
[Result "1-0"]
[WhiteElo "2460"]
[BlackElo "2470"]

1.e4 e5 2.Nf3 Nc6 3.Bb5 a6 4.Ba4 Nf6 5.O-O Be7 6.Re1 b5 7.Bb3 d6 8.c3 O-O
9.h3 Bb7 10.d3 h6 11.Nbd2 Re8 12.Nf1 Bf8 13.Ng3 Na5 14.Bc2 g6 15.d4 Bg7 16.b3 exd4
17.cxd4 c5 18.Bb2 Nd7 19.Qd2 Nc6 20.Rad1 Qe7 21.Bb1 Rad8 22.d5 Nce5 23.Nh2 Nb6
24.Re2 h5 25.Qc1 Ned7 26.Bxg7 Kxg7 27.Re3 Nf6 28.e5 dxe5 29.Nf5+ gxf5 30.Rg3+ Ng4
31.Bxf5 Rh8 32.hxg4 h4 33.Rc3 Nxd5 34.Rxc5 Nf4 35.Re1 Rd5 36.Rc7 Qg5 37.Nf3 Qd8
38.Rxb7 Ne2+ 39.Rxe2 Rd1+ 40.Re1 Rxc1 41.Rxc1  1-0

[Event "Belgrade Beopromet"]
[Site "Belgrade"]
[Date "1993.??.??"]
[Round "3"]
[White "Zontakh, Andrey"]
[Black "Nestorovic, Dejan"]
[Result "1-0"]
[WhiteElo "2455"]
[BlackElo "2350"]

1.e4 e5 2.Nf3 Nc6 3.Bb5 a6 4.Ba4 Nf6 5.O-O Be7 6.Re1 b5 7.Bb3 d6 8.c3 O-O
9.h3 Bb7 10.d4 Re8 11.Nbd2 Bf8 12.a4 h6 13.Bc2 exd4 14.cxd4 Nb4 15.Bb1 c5
16.d5 Nd7 17.Ra3 c4 18.axb5 axb5 19.Nd4 Qb6 20.Nf5 g6 21.Rg3 Kh7 22.Nf3 Nd3
23.Bxd3 cxd3 24.Qxd3 Nc5 25.Qd4 Qc7 26.e5 dxe5 27.Qh4 h5 28.Ng5+ Kh8 29.b4 Ra4
30.Bb2 Bxd5 31.Nf3 Nd7 32.Nxe5 Kh7 33.Nxd7  1-0

[Event "Belgrade Beopromet"]
[Site "Belgrade"]
[Date "1993.??.??"]
[Round "7"]
[White "Arsovic, Aleksandar"]
[Black "Nestorovic, Dejan"]
[Result "0-1"]
[WhiteElo "2255"]
[BlackElo "2350"]

1.e4 e5 2.Nf3 Nc6 3.Bb5 a6 4.Ba4 Nf6 5.O-O Be7 6.Re1 b5 7.Bb3 d6 8.c3 O-O
9.h3 Bb7 10.d4 Re8 11.Nbd2 Bf8 12.a4 h6 13.Bc2 exd4 14.cxd4 Nb4 15.Bb1 c5
16.d5 Nd7 17.Ra3 f5 18.Rae3 Nf6 19.Nh4 Nfxd5 20.Nxf5 Nxe3 21.Rxe3 Bc8 22.Rg3 Kh8
23.Nf3 Bxf5 24.exf5 d5 25.Bg5 Qd6 26.f6 d4 27.Nh4 d3 28.fxg7+ Bxg7 29.Bd2 Ra7
30.Nf5 Qf8 31.Nxg7 Rxg7 32.Bc3 Re7 33.axb5 axb5 34.Bxd3 Nxd3 35.Rxd3 Qf5
36.Rf3 Qe4 37.Rg3 b4 38.Bxg7+ Rxg7 39.Rxg7 Kxg7  0-1

[Event "Brno-B"]
[Site "Brno"]
[Date "1993.??.??"]
[Round "9"]
[White "Stangl, Markus"]
[Black "Bezold, Michael"]
[Result "1/2-1/2"]
[WhiteElo "2525"]
[BlackElo "2490"]

1.e4 Nc6 2.Nf3 e5 3.Bb5 a6 4.Ba4 Nf6 5.O-O b5 6.Bb3 Be7 7.Re1 O-O 8.c3 d6
9.h3 Bb7 10.d4 Re8 11.Ng5 Rf8 12.Nf3 Re8 13.Ng5  1/2-1/2

[Event "Bucharest Caissa"]
[Site "Bucharest"]
[Date "1993.??.??"]
[Round "10"]
[White "Szalanczy, Emil"]
[Black "Almasi, Zoltan"]
[Result "0-1"]
[WhiteElo "2365"]
[BlackElo "2490"]

1.e4 e5 2.Nf3 Nc6 3.Bb5 a6 4.Ba4 Nf6 5.O-O Be7 6.Re1 b5 7.Bb3 d6 8.c3 O-O
9.h3 Bb7 10.d4 Re8 11.Ng5 Rf8 12.Nf3 Re8 13.Nbd2 Bf8 14.a3 h6 15.Bc2 Nb8
16.b4 Nbd7 17.Bb2 g6 18.c4 exd4 19.cxb5 axb5 20.Nxd4 c6 21.N2b3 Rc8 22.Na5 Ba8
23.Rc1 Qb6 24.Qf3 Bg7 25.Bb1 c5 26.Ndb3 Re6 27.Nd4 Ree8 28.Ndb3 Re7 29.Bd4 Rce8
30.bxc5 dxc5 31.Rxc5 Nxe4 32.Rc6 Ng5 33.Rxe7 Nxf3+ 34.gxf3 Qd8 35.Rxg6 Qxe7
36.Rxg7+ Kf8 37.Bf5 Qe1+ 38.Kg2 Ne5 39.Rg3 Ng6 40.Bxg6 fxg6 41.Rxg6 Bxf3+  0-1